000
00237 a2200097 4500
001
48341
100
_a
Dickinson, T.A
245
_a
American aircraft construction handbook
260
_a
Sydney
_b
George G harrap
_c
090
_c
31285
_d
31285
942
_a
NUST-CAE
_c
M
_c
23653
999
_c
283414
_d
283414